000 00617nam a2200193 4500
001 111732
003 ES-MaACL
007 t|
008 061121s1975 sp r ||||1| spa d
100 1 _aOrgel, Leslie E.
_987245
245 1 4 _aLos orígenes de la vida
_b: moleculas y selección natural /
_cLeslie E. Orgel ; versión de Emilio López Thome.
260 _aMadrid :
_bAlianza,
_c1975.
300 _a241 p. :
_bil. ;
_c20 cm.
490 1 _aAlianza universidad
700 1 _aLópez Thome, Emilio.
_9180972
830 0 _aAlianza universidad
_9177276
852 _aES-MaACL
_jE-8744
_bR.93166
999 _c111732
_d111732